[Event "Stokes Cup"]
[Site "Stirling"]
[Date "2023.08.18"]
[Round "2"]
[White "Greenan, Darragh"]
[Black "Sefton, Adam"]
[Result "0-1"]
[WhiteElo "1609"]
[BlackElo "1611"]
[PlyCount "51"]
[EventDate "2023.08.18"]
[EventType "team-tourn"]
[EventRounds "6"]
[EventCountry "SCO"]
[SourceTitle "EXT 2024"]
[Source "ChessBase"]
[SourceDate "2023.10.10"]
[SourceVersion "1"]
[SourceVersionDate "2023.10.10"]
[SourceQuality "1"]
[WhiteTeam "Ireland"]
[BlackTeam "England"]
[WhiteTeamCountry "IRL"]
[BlackTeamCountry "ENG"]

1. e4 e6 2. d4 d5 3. exd5 exd5 4. Nf3 Bd6 5. Nc3 c6 6. h3 Bf5 7. Bd3 Bxd3 8. Qxd3 Nf6 9. 0-0 0-0 10. Re1 Nbd7 11. Ne5 c5 12. Bf4 cxd4 13. Qxd4 Bc5 14. Qd3 Qb6 15. Re2 Rad8 16. Rb1 Rfe8 17. Rbe1 Nxe5 18. Bxe5 Rxe5 19. Rxe5 Bxf2+ 20. Kf1 Bxe1 21. Kxe1 Qxb2 22. Rg5 Qc1+ 23. Kf2 Qxg5 24. g3 Ne4+ 25. Kg2 Nxc3 26. Qe3 0-1

[Event "EU Union-ch U10 20th"]
[Site "Mureck"]
[Date "2023.08.09"]
[Round "9"]
[White "Straszak, Tadeusz"]
[Black "Greenan, Darragh"]
[Result "1-0"]
[WhiteElo "1051"]
[BlackElo "1609"]
[PlyCount "131"]
[EventDate "2023.08.02"]
[EventType "swiss"]
[EventRounds "9"]
[EventCountry "AUT"]
[SourceTitle "EXT 2024"]
[Source "ChessBase"]
[SourceDate "2023.10.10"]
[SourceVersion "1"]
[SourceVersionDate "2023.10.10"]
[SourceQuality "1"]

1. d4 Nf6 2. Bf4 e6 3. Nf3 Nc6 4. e3 a6 5. c3 d5 6. Nbd2 b6 7. Bd3 Bd6 8. Bg3 Qe7 9. Qc2 e5 10. dxe5 Nxe5 11. Nxe5 Bxe5 12. Bxe5 Qxe5 13. Nf3 Qe7 14. 0-0 0-0 15. Rfd1 Bg4 16. Be2 c5 17. Ne1 Bxe2 18. Qxe2 Rfd8 19. Nc2 Rd6 20. a3 Qb7 21. b4 Ne4 22. Qd3 Qe7 23. f3 Ng5 24. e4 c4 25. Qe3 Re8 26. Kf2 Qf6 27. Qd4 Nxe4+ 28. Kg1 Nxc3 29. Qxf6 Rxf6 30. Re1 Rxe1+ 31. Rxe1 Re6 32. Rxe6 fxe6 33. Kf2 e5 34. Ne3 b5 35. Ke1 Kf7 36. Kd2 d4 37. Nf5 Nb1+ 38. Kc2 Nxa3+ 39. Kb2 c3+ 40. Kxa3 g6 41. Ng3 Ke6 42. Ne4 Kd5 43. Kb3 Kc6 44. Nf2 Kb6 45. Nd3 a5 46. bxa5+ Kxa5 47. Nxe5 g5 48. Nc6+ Kb6 49. Nxd4 Kc5 50. Ne6+ Kd5 51. Nxg5 Kd4 52. Kc2 b4 53. Ne4 Kc4 54. Nd6+ Kd4 55. Nb5+ Kc4 56. Nd6+ Kd4 57. Nb5+ Kc4 58. Nxc3 bxc3 59. f4 Kd4 60. f5 Ke5 61. g4 h5 62. h3 Kf6 63. Kxc3 Kg5 64. Kd4 Kf6 65. Ke4 Kf7 66. Ke5 1-0